| 000 | 004880000a22001690004500 | ||
|---|---|---|---|
| 041 | 0 | _aSPA | |
| 082 | 0 | 4 | _aG 254 R568i |
| 100 | 1 | _aRigell, Guillermo R. | |
| 245 | 1 | 0 | _aInversiones en la vida cristiana / Guillermo R. Rigell ; I. Villarello, Traductor |
| 260 | _aEl Paso, TX., USA : Casa Bautista de Publicaciones | ||
| 300 | _a159 Pag | ||
| 001 | 6597 | ||
| 942 | _cBK | ||
| 999 |
_c36865 _d36865 |
||
| 336 |
_atexto _btxt _2rdacontent |
||
| 337 |
_2rdamedia _asin mediación _bn |
||
| 338 |
_2rdacarrier _avolumen _bnc |
||